000 00437nam a2200181Ia 4500
001 2132
005 20260306143819.0
008 260306t2020||||xx |||||||||||||| ||spa||
041 _aESP
082 _a614
_bA49
100 _aÁlvarez Alva, Rafael,
_eAUT
245 0 _aSalud pública y medicina preventiva
260 _c2020
300 _axvii, 453 páginas :
_c23 cm.
650 _aGEN
654 _aCCS
942 _cLIB
_dJUS
_fJUS
_2ddc
_n
999 _c2132
_d2132